Mini Nurikabe Puzzle II Quiz Stats

 Plays Quiz Updated Jun 13, 2017

Support Sporcle.
Go Orange.
Score 0/13 Timer 03:00
3 Plays Today
% Correct
???
81.9%
???
79.2%
???
78%
???
74.1%
???
73%
???
71.2%
???
68.8%
???
66%
???
65.9%
???
64.7%
???
63.7%
???
62.4%
???
60.7%

You're not logged in!

Compare scores with friends on all Sporcle quizzes.
OR
Log In
Forgot?

From the Vault

Well-Known Movie by Tough Image

by Larryholmes79

You might have to watch these movies a few times before you recognize these scenes.
Remove Ads.
Support Sporcle.
Get the best of Sporcle when you Go Orange. This ad-free experience offers more features, more stats, and more fun while also helping to support Sporcle. Thank you for becoming a member.

Show Comments

Extras

Top Quizzes Today


Score Distribution

Your Account Isn't Verified!

In order to create a playlist on Sporcle, you need to verify the email address you used during registration. Go to your Sporcle Settings to finish the process.

Report this User

Report this user for behavior that violates our Community Guidelines.

Details: